000 00814cam a2200157 4500500
005 20260405004955.0
041 _afre
042 _adc
100 1 0 _aVallin, Pierre
_eauthor
245 0 0 _aDaniel Moulinet, Genèse de la laïcité . A travers les textes fondamentaux de 1801 à 1959. Cerf, 2005, 290 pages, 29 €
260 _c2005.
500 _a39
520 _aRésuméJules Verne distingue deux sources aux obstacles, aux réussites, aux échecs et aux succès de l’aventure : les éléments naturels, leur connaissance et leur maîtrise, et les conflits humains qui vont apparaître comme la source la plus réelle de perdition.
786 0 _nÉtudes | 403 | 7 | 2005-07-01 | p. XIV-XIV | 0014-1941
856 4 1 _uhttps://shs.cairn.info/revue-etudes-2005-7-page-XIV?lang=fr&redirect-ssocas=7080
999 _c2079947
_d2079947